00513nam a22001577a 450000500170000001000150001702000260003203500140005803700130007208200080008510000190009324500970011226000590020927000680026830000190033620220603150436.0 aENG-132995 a9789332556584c800.00 aEN-116527 bDBAD/PUB a510 aMishra, Sanjay aFundamentals of Mathematics For JEE Main and Advanced:bFunctions and Graphs/cSanjay Mishra aNoidabPearson India Education Services Pvt. ltdc2016 aA-8(A), 7th Floor, Knowledge Boulevard Sector 62bNoidae201309 avp.c25cm(pbk)